Guess Manchester United 2007/08 squad by image - Statistics

General Stats
  • This quiz has been taken 73 times
    62 since last reset
  • The average score is 17 of 21
Answer Stats
Picture Answer % Correct
Sir Alex Ferguson
100%
Cristiano Ronaldo
96%
Edwin van der Sar
96%
Rio Ferdinand
96%
Wayne Rooney
96%
Paul Scholes
94%
Gerard Piqué
93%
Patrice Evra
93%
Ryan Giggs
93%
Carlos Tevez
89%
Nani
89%
Park Ji-sung
89%
Nemanja Vidic
87%
Michael Carrick
80%
Anderson
72%
Darren Fletcher
67%
Owen Hargreaves
67%
Wes Brown
67%
John O'Shea
63%
Louis Saha
56%
Tomasz Kuszczak
35%
No matching quizzes found
Score Distribution
Percent of People with Each Score
Percentile by Number Answered
Your Score History
You have not taken this quiz since the last reset